On the zeros of solutions of a second-order differential equation

Bibliographic Details
Main Author: Šedivý, Ondrej, 1935- (Author)
Format: Article
Language:Slovak
PhysicalDescription:Res. slov., rus.
Subjects:

MARC

LEADER 00000nab a2200000 a 4500
001 vtls000104196
003 SK-MaSNL
005 20260318124819.0
008 111031c1980 xo 0 slo
015 |a SNBRA19rr/mm-uuuuu 
035 |a CL0114299 
040 |a SNKBUCL  |b slo  |c SNKBUCL  |e AACR2 
041 0 |a slo 
044 |a xo  |c SK 
080 |a 517  |2 1981 
100 1 |a Šedivý, Ondrej,  |d 1935-  |4 aut  |9 215415 
245 1 0 |a On the zeros of solutions of a second-order differential equation  |c Ondrej Šedivý 
300 |b Res. slov., rus. 
650 0 7 |a diferenciálne rovnice  |2 snkbucl  |9 63334 
655 7 |a články zo zborníkov  |2 snkbucl  |9 166140 
773 0 |t Zborník Pedagogickej fakulty v Nitre. Matematika 1  |d Bratislava : SPN, 1980  |g S. 137-141 
850 |a Slovenská národná knižnica v Martine  |a MTA001 
852 |a SNK  |b KIS3GCP 
958 |a RK 
992 |a RZB 
999 |c 2575237  |d 2577167